<?xml version="1.0" encoding="UTF-8"?>
<record
    xmlns:xsi="http://www.w3.org/2001/XMLSchema-instance"
    xsi:schemaLocation="http://www.loc.gov/MARC21/slim http://www.loc.gov/standards/marcxml/schema/MARC21slim.xsd"
    xmlns="http://www.loc.gov/MARC21/slim">

  <leader>02095nam a2200313uu 4500</leader>
  <controlfield tag="001">1108737</controlfield>
  <controlfield tag="005">20260507085410.0</controlfield>
  <controlfield tag="008">081014s2008                        spa  </controlfield>
  <datafield tag="020" ind1=" " ind2=" ">
    <subfield code="a">9788420684178</subfield>
  </datafield>
  <datafield tag="035" ind1=" " ind2=" ">
    <subfield code="a">1108737</subfield>
  </datafield>
  <datafield tag="035" ind1=" " ind2=" ">
    <subfield code="a">(OCoLC)777273125</subfield>
  </datafield>
  <datafield tag="040" ind1=" " ind2=" ">
    <subfield code="c">comduadb</subfield>
  </datafield>
  <datafield tag="041" ind1=" " ind2=" ">
    <subfield code="a">spa</subfield>
  </datafield>
  <datafield tag="082" ind1=" " ind2="4">
    <subfield code="a">150</subfield>
  </datafield>
  <datafield tag="100" ind1="1" ind2="0">
    <subfield code="a">Pe&#xF1;arrubia, Francisco</subfield>
    <subfield code="4">aut</subfield>
    <subfield code="e">aut</subfield>
    <subfield code="9">558281</subfield>
  </datafield>
  <datafield tag="245" ind1="1" ind2="0">
    <subfield code="a">Terapia Gestalt : la v&#xED;a del vacio f&#xE9;rtil</subfield>
  </datafield>
  <datafield tag="250" ind1=" " ind2=" ">
    <subfield code="a">2. edici&#xF3;n</subfield>
  </datafield>
  <datafield tag="260" ind1=" " ind2=" ">
    <subfield code="a">Barcelona :</subfield>
    <subfield code="b">Alianza Editorial,</subfield>
    <subfield code="c">2008.</subfield>
  </datafield>
  <datafield tag="300" ind1=" " ind2=" ">
    <subfield code="a">382 p&#xE1;ginas</subfield>
  </datafield>
  <datafield tag="490" ind1="0" ind2=" ">
    <subfield code="a">Colecci&#xF3;n Psicologia</subfield>
  </datafield>
  <datafield tag="505" ind1=" " ind2=" ">
    <subfield code="a">CONTENIDO :. -- Pr&#xF3;logo. -- PRIMERA PARTE: Los contextos de la terapia Gestalt. -- 1: Introducci&#xF3;n. -- 2: Los or&#xED;genes. -- 3: Otras fuentes de la terapia Gestalt. -- SEGUNDA PARTE: Bases de la terapia Gestalt. -- 4: Preceptos b&#xE1;sicos de la terapia Gestalt. -- 5: La escucha gest&#xE1;ltica. -- 6: El darse cuenta. -- 7: Polaridades. -- 8: La neurosis en GESTALT. -- 9: Mecanismos neur&#xF3;ticos. -- 10: El ciclo gest&#xE1;ltico. -- 11: La t&#xE9;cnica gest&#xE1;ltica. -- 12: el trabajo con sue&#xF1;os y psico fantas&#xED;as. -- TERCERA PARTE: Reflexiones sobre el terapeuta y su oficio. -- 13: El terapeuta gest&#xE1;ltico. -- 14: Transparencia y transferencia. -- 15: Encuadre, diagn&#xF3;stico y supervisi&#xF3;n. -- 16: El grupo en terapia Gestalt. -- 17: El trabajo corporal. -- 18: La espiritualidad Gestalt transpersonal. -- 19: Arte y creatividad en la terapia. -- Ep&#xED;logo: Panorama hist&#xF3;ricos de la terapia Gestalt. -- AP&#xC9;NDICE: 1: Historia subjetiva de la asociaci&#xF3;n espa&#xF1;ola de terapia Gestalt. -- 2: Las limitaciones de la terapia Gestalt. -- 3: Directorio de escuelas de formaci&#xF3;n en terapia Gestalt. - Bibliograf&#xED;a.</subfield>
  </datafield>
  <datafield tag="650" ind1=" " ind2="7">
    <subfield code="a">Psicoterapia</subfield>
    <subfield code="2">lemb</subfield>
    <subfield code="9">2359</subfield>
  </datafield>
  <datafield tag="650" ind1=" " ind2=" ">
    <subfield code="a">Psicolog&#xED;a de la Gestalt</subfield>
    <subfield code="9">43341</subfield>
  </datafield>
  <datafield tag="650" ind1=" " ind2=" ">
    <subfield code="a">Psicolog&#xED;a de la forma</subfield>
    <subfield code="9">1210</subfield>
  </datafield>
  <datafield tag="650" ind1=" " ind2=" ">
    <subfield code="a">Psicoterapia gestaltica</subfield>
    <subfield code="9">153471</subfield>
  </datafield>
  <datafield tag="650" ind1=" " ind2="7">
    <subfield code="a">Psicolog&#xED;a humanista</subfield>
    <subfield code="2">lemb</subfield>
    <subfield code="9">32291</subfield>
  </datafield>
  <datafield tag="700" ind1="1" ind2="0">
    <subfield code="a">Naranjo, Claudio,</subfield>
    <subfield code="c">Psiquiatra y escritor chileno,</subfield>
    <subfield code="d">1932-2019</subfield>
    <subfield code="4">aui</subfield>
    <subfield code="0">(isni)0000 0001 1065 249X</subfield>
    <subfield code="0">(viaf)77142956</subfield>
    <subfield code="e">aui</subfield>
    <subfield code="9">469262</subfield>
  </datafield>
  <datafield tag="942" ind1=" " ind2=" ">
    <subfield code="c">BOOK</subfield>
  </datafield>
  <datafield tag="999" ind1=" " ind2=" ">
    <subfield code="c">481251</subfield>
    <subfield code="d">481251</subfield>
  </datafield>
  <datafield tag="952" ind1=" " ind2=" ">
    <subfield code="0">0</subfield>
    <subfield code="1">0</subfield>
    <subfield code="4">0</subfield>
    <subfield code="7">0</subfield>
    <subfield code="8">GEN</subfield>
    <subfield code="a">BC</subfield>
    <subfield code="b">BC</subfield>
    <subfield code="d">2008-10-14</subfield>
    <subfield code="e">Alianza Distribuidora de Colombia</subfield>
    <subfield code="g">117000.00</subfield>
    <subfield code="i">C1021168</subfield>
    <subfield code="l">2</subfield>
    <subfield code="o">150.1982 P359</subfield>
    <subfield code="p">0680732</subfield>
    <subfield code="r">2026-05-12 19:21:26</subfield>
    <subfield code="s">2026-04-06</subfield>
    <subfield code="t">1</subfield>
    <subfield code="w">2023-04-28</subfield>
    <subfield code="y">BOOK</subfield>
  </datafield>
  <datafield tag="952" ind1=" " ind2=" ">
    <subfield code="0">0</subfield>
    <subfield code="1">0</subfield>
    <subfield code="4">0</subfield>
    <subfield code="7">0</subfield>
    <subfield code="8">GEN</subfield>
    <subfield code="a">BC</subfield>
    <subfield code="b">BE</subfield>
    <subfield code="d">2008-11-13</subfield>
    <subfield code="e">Alianza</subfield>
    <subfield code="g">117000.00</subfield>
    <subfield code="i">C1025224</subfield>
    <subfield code="l">2</subfield>
    <subfield code="o">150.1982 P359 e2</subfield>
    <subfield code="p">0685060</subfield>
    <subfield code="r">2026-05-12 18:34:51</subfield>
    <subfield code="s">2026-02-23</subfield>
    <subfield code="t">2</subfield>
    <subfield code="w">2023-04-28</subfield>
    <subfield code="y">BOOK</subfield>
  </datafield>
</record>
